[Event "Olomouc 2009 - GM B"]
[Site "?"]
[Date "2009.08.05"]
[Round "1.1"]
[White "Plat, Vojtech"]
[Black "Gavrilov, Alexei"]
[Result "1/2-1/2"]
[WhiteElo "2406"]
[BlackElo "2480"]
[PlyCount "68"]
[EventDate "2009.08.05"]

1. e4 e6 2. d4 d5 3. Nd2 c5 4. exd5 exd5 5. Bb5+ Bd7 6. Bxd7+ Nxd7 7. Ne2 Ngf6
8. dxc5 Bxc5 9. Nf3 O-O 10. O-O Nb6 11. b3 Ne4 12. Bb2 Re8 13. a4 Nc8 14. Nf4
Ne7 15. Qd3 Qb6 16. Bd4 Rac8 17. Bxc5 Qxc5 18. Rac1 Qd6 19. Ne2 Nc6 20. Ng3 Qc5
21. c3 a5 22. b4 axb4 23. cxb4 Qxb4 24. Qxd5 Nxg3 25. hxg3 Qxa4 26. Ng5 Rc7 27.
Nxh7 Kxh7 28. Rc4 Qa8 29. Qh5+ Kg8 30. Rh4 f6 31. Qh7+ Kf7 32. Qh5+ Kg8 33.
Qh7+ Kf7 34. Qh5+ Kg8 1/2-1/2

[Event "Olomouc 2009 - GM B"]
[Site "?"]
[Date "2009.08.05"]
[Round "1.3"]
[White "Kanovsky, David"]
[Black "Erdogdu, Mert"]
[Result "1/2-1/2"]
[WhiteElo "2483"]
[BlackElo "2463"]
[PlyCount "96"]
[EventDate "2009.08.05"]

1. e4 c5 2. Nf3 d6 3. d4 cxd4 4. Nxd4 Nf6 5. Nc3 a6 6. Bg5 e6 7. f4 Qc7 8. Bxf6
gxf6 9. Qd2 Nc6 10. Be2 h5 11. O-O-O Bd7 12. Kb1 O-O-O 13. Rhf1 Be7 14. Rf3 Kb8
15. Nb3 Rdg8 16. Bf1 Na5 17. Nxa5 Qxa5 18. Qe2 Rc8 19. a3 Rc7 20. Rh3 d5 21.
exd5 Bxa3 22. Ne4 Bb4 23. d6 Rcc8 24. c3 Bc5 25. Rxh5 f5 26. Rxh8 Rxh8 27. Nxc5
Qxc5 28. h3 f6 29. Qc4 Qxc4 30. Bxc4 b5 31. Bb3 Kb7 32. Re1 Re8 33. g4 fxg4 34.
hxg4 Kc6 35. Rd1 Rh8 36. Bc2 Rh4 37. Rg1 Kxd6 38. g5 f5 39. g6 Rh8 40. g7 Rg8
41. Bd1 Be8 42. b4 Bc6 43. Bh5 Ke7 44. Kc2 Kf6 45. Rg6+ Ke7 46. Rg1 Kf6 47.
Rg6+ Ke7 48. Rg1 Kf6 1/2-1/2

[Event "Olomouc 2009 - GM B"]
[Site "?"]
[Date "2009.08.05"]
[Round "1.4"]
[White "Zakhartsov, Viacheslav V"]
[Black "Kashlinskaya, Alina"]
[Result "1-0"]
[WhiteElo "2541"]
[BlackElo "2346"]
[PlyCount "111"]
[EventDate "2009.08.05"]

1. d4 Nf6 2. c4 g6 3. Nc3 Bg7 4. e4 d6 5. Nf3 O-O 6. Be2 Na6 7. O-O e5 8. Be3
c6 9. d5 Ng4 10. Bg5 f6 11. Bh4 c5 12. Ne1 h5 13. Nd3 Nh6 14. f3 g5 15. Be1 f5
16. exf5 Nxf5 17. Bd2 Qf6 18. Ne4 Qg6 19. Bxg5 Bh6 20. Qd2 Bxg5 21. Qxg5 Qxg5
22. Nxg5 b5 23. cxb5 Nc7 24. b4 Nd4 25. Rf2 Bf5 26. Bf1 c4 27. Ne1 c3 28. Rc1
Ncxb5 29. Bxb5 Nxb5 30. a4 Nc7 31. Rxc3 Nxd5 32. Rc6 Nxb4 33. Rxd6 Rad8 34.
Rfd2 Rxd6 35. Rxd6 Rc8 36. Kf2 Kg7 37. Ne4 a5 38. Nd2 Rc3 39. h4 Ra3 40. Nc4
Rxa4 41. Nxe5 Ra2+ 42. Ke3 Ra1 43. Ke2 a4 44. g4 hxg4 45. fxg4 Bxg4+ 46. Nxg4
a3 47. h5 a2 48. h6+ Kf8 49. Rd8+ Kf7 50. Rd7+ Kf8 51. Ra7 Rb1 52. h7 a1=Q 53.
Rxa1 Rb2+ 54. Kf1 Kg7 55. Ra7+ Kh8 56. Ne5 1-0

[Event "Olomouc 2009 - GM B"]
[Site "?"]
[Date "2009.08.05"]
[Round "1.5"]
[White "Semcesen, Daniel"]
[Black "Arutinian, David"]
[Result "1/2-1/2"]
[WhiteElo "2418"]
[BlackElo "2526"]
[PlyCount "34"]
[EventDate "2009.08.05"]

1. d4 d6 2. c4 g6 3. Nf3 Bg7 4. e4 Bg4 5. Be2 Nc6 6. Be3 Bxf3 7. Bxf3 e5 8. d5
Nd4 9. Bxd4 exd4 10. O-O Ne7 11. Nd2 O-O 12. Be2 c5 13. Bd3 g5 14. g3 Ng6 15.
Rb1 a5 16. a4 Qf6 17. Be2 Bh6 1/2-1/2

[Event "Olomouc 2009 - GM B"]
[Site "?"]
[Date "2009.08.06"]
[Round "2.1"]
[White "Gavrilov, Alexei"]
[Black "Arutinian, David"]
[Result "0-1"]
[WhiteElo "2480"]
[BlackElo "2526"]
[PlyCount "141"]
[EventDate "2009.08.05"]

1. d4 g6 2. e4 d6 3. c4 Bg7 4. Nc3 e5 5. Nf3 exd4 6. Nxd4 Ne7 7. Be3 Nbc6 8.
Nxc6 Nxc6 9. Qd2 Be6 10. Be2 Qd7 11. O-O O-O 12. Rad1 Rad8 13. Bh6 f5 14. Bxg7
Qxg7 15. exf5 Bxf5 16. f4 Rde8 17. Bf3 Nd8 18. b3 Kh8 19. Rfe1 a6 20. Rxe8 Rxe8
21. c5 h5 22. cxd6 cxd6 23. Nd5 b5 24. b4 Nf7 25. Rc1 Rc8 26. Rxc8+ Bxc8 27.
Qc3 Qxc3 28. Nxc3 Kg7 29. Bd5 Nh6 30. g3 Ng4 31. Be4 Kf7 32. Kg2 Ne3+ 33. Kf3
Ng4 34. h4 Nf6 35. Bc6 Ng4 36. Nd5 Nh6 37. Ne3 Kf6 38. Ke4 Ke7 39. Kd4 Kd8 40.
Kd5 Ke7 41. a3 Be6+ 42. Kd4 Kd8 43. Be4 Nf5+ 44. Nxf5 Bxf5 45. Bc6 Kc7 46. Be8
Kd8 47. Bf7 Ke7 48. Bd5 Kd7 49. Bb3 Be6 50. Bd1 Bf5 51. a4 Kc6 52. Bf3+ Kc7 53.
Bd1 Kc6 54. Bb3 Kd7 55. axb5 axb5 56. Bd5 Be6 57. Be4 Bf7 58. Bd5 Be6 59. Be4
Bf7 60. Bd3 Kc6 61. f5 gxf5 62. Bxf5 Kc7 63. Bd3 Be8 64. Kd5 Bf7+ 65. Kd4 Be8
66. Be2 Kd8 67. Ke4 Ke7 68. Kf5 Bd7+ 69. Kg5 d5 70. Bxh5 d4 71. Kf4 0-1

[Event "Olomouc 2009 - GM B"]
[Site "?"]
[Date "2009.08.06"]
[Round "2.2"]
[White "Kashlinskaya, Alina"]
[Black "Semcesen, Daniel"]
[Result "0-1"]
[WhiteElo "2346"]
[BlackElo "2418"]
[PlyCount "108"]
[EventDate "2009.08.05"]

1. d4 e6 2. c4 b6 3. e4 Bb7 4. Bd3 Bb4+ 5. Bd2 Bxd2+ 6. Qxd2 f5 7. Nc3 Nf6 8.
f3 fxe4 9. fxe4 Nc6 10. e5 Nh5 11. Nf3 O-O 12. O-O Nb4 13. Be4 Bxe4 14. Nxe4
Qe7 15. g3 a5 16. Nfg5 h6 17. Nh3 d5 18. Nc3 c5 19. cxd5 exd5 20. g4 cxd4 21.
Qxd4 Qh4 22. Rad1 Kh8 23. gxh5 Rxf1+ 24. Kxf1 Qxh3+ 25. Kg1 Rf8 26. Nxd5 Rd8
27. Qe4 Qxh5 28. Rd4 Nc6 29. Rd2 Nxe5 30. Kh1 Qh3 31. Rg2 Rc8 32. Nc3 Nf3 33.
Qg4 Qxg4 34. Rxg4 Ne5 35. Rg3 Kg8 36. Kg2 Kf7 37. Re3 Re8 38. Nd5 Re6 39. Nf4
Re8 40. Nd5 Nd7 41. Rf3+ Kg8 42. Rb3 Re6 43. Kg3 Rd6 44. Nf4 Kf7 45. a3 g5 46.
Nd3 Ke6 47. Rc3 Nf6 48. Nf2 h5 49. Kg2 Nd5 50. Rc8 Kf5 51. Rf8+ Rf6 52. Rd8
Ne3+ 53. Kf3 Nc4 54. Ne4 g4+ 0-1

[Event "Olomouc 2009 - GM B"]
[Site "?"]
[Date "2009.08.06"]
[Round "2.3"]
[White "Erdogdu, Mert"]
[Black "Zakhartsov, Viacheslav V"]
[Result "0-1"]
[WhiteElo "2463"]
[BlackElo "2541"]
[PlyCount "120"]
[EventDate "2009.08.05"]

1. e4 c5 2. Nf3 d6 3. d4 cxd4 4. Nxd4 Nf6 5. Nc3 a6 6. Be3 e5 7. Nb3 Be6 8. f3
h5 9. Nd5 Bxd5 10. exd5 Nbd7 11. Qd2 Qc7 12. Na5 b6 13. Nc6 Nxd5 14. Qxd5 Nf6
15. Qb3 Qxc6 16. Qxb6 Qxb6 17. Bxb6 Rb8 18. Bf2 Rxb2 19. Bxa6 d5 20. O-O Bd6
21. c4 d4 22. Bb5+ Kd8 23. a4 Kc7 24. Rae1 Rc2 25. f4 Ng4 26. fxe5 Bxe5 27.
Rxe5 Nxe5 28. Bxd4 f6 29. c5 Rd8 30. Bxe5+ fxe5 31. Rf7+ Kb8 32. h4 Rxc5 33.
Rxg7 Rd4 34. Rg5 Rxh4 35. Be8 Kc7 36. Rxh5 Rxh5 37. Bxh5 Kd6 38. Kf2 e4 39. Be2
Ke5 40. g3 Kd4 41. g4 Rg5 42. Kg3 Ke3 43. Bb5 Rc5 44. Ba6 Rc1 45. Kg2 Kf4 46.
Be2 Rc2 47. Kf2 Ra2 48. g5 Kxg5 49. Ke3 Kf5 50. Bb5 Ke5 51. Bc6 Ra3+ 52. Kd2
Kd4 53. Bb5 Ra2+ 54. Kc1 Rh2 55. Kd1 Ke3 56. Bc6 Rd2+ 57. Kc1 Rd6 58. Bb5 Kf2
59. Kc2 e3 60. Kc3 Rd5 0-1

[Event "Olomouc 2009 - GM B"]
[Site "?"]
[Date "2009.08.06"]
[Round "2.5"]
[White "Plat, Vojtech"]
[Black "Biolek, Richard Jr"]
[Result "1-0"]
[WhiteElo "2406"]
[BlackElo "2361"]
[PlyCount "89"]
[EventDate "2009.08.05"]

1. d4 d5 2. c4 e6 3. Nf3 Nf6 4. Nc3 Be7 5. Bg5 h6 6. Bxf6 Bxf6 7. e3 b6 8. Rc1
O-O 9. cxd5 exd5 10. Bd3 Be6 11. O-O c5 12. e4 cxd4 13. Nb5 a6 14. Nc7 Ra7 15.
Nxe6 fxe6 16. e5 Bg5 17. Nxd4 Qe8 18. Rc3 Nd7 19. Rc6 Nxe5 20. Rxe6 Re7 21. Bf5
g6 22. Bh3 Rf6 23. Rxe7 Qxe7 24. Ne6 Bf4 25. Qxd5 Nf7 26. g3 Bd6 27. f4 Bc5+
28. Kh1 Qd6 29. Rd1 Qxd5+ 30. Rxd5 Bd6 31. Kg2 Kh8 32. Bg4 Kg8 33. h4 Kh8 34.
Bh3 b5 35. Kf3 Be5 36. b3 Bc3 37. Kg2 g5 38. hxg5 hxg5 39. fxg5 Rg6 40. Bf5 Rg8
41. g6 Nh6 42. Rd7 Bg7 43. g4 a5 44. a4 bxa4 45. bxa4 1-0

[Event "Olomouc 2009 - GM B"]
[Site "?"]
[Date "2009.08.07"]
[Round "3.2"]
[White "Kanovsky, David"]
[Black "Plat, Vojtech"]
[Result "1/2-1/2"]
[WhiteElo "2483"]
[BlackElo "2406"]
[PlyCount "59"]
[EventDate "2009.08.05"]

1. e4 c5 2. Nf3 Nc6 3. d4 cxd4 4. Nxd4 g6 5. c4 Bg7 6. Be3 Nf6 7. Nc3 O-O 8.
Be2 d6 9. O-O Bd7 10. Qd2 Nxd4 11. Bxd4 Qa5 12. Rfd1 Rfc8 13. Rac1 Bc6 14. f3
a6 15. Bf1 b5 16. b3 bxc4 17. Bxc4 Bb5 18. Bxf6 Bxf6 19. Nd5 Qxd2 20. Nxf6+ Kg7
21. Rxd2 Kxf6 22. Rdc2 e6 23. Kf2 Rc5 24. b4 Rh5 25. h3 Bxc4 26. Rxc4 a5 27. a4
axb4 28. Rxb4 Rg5 29. Rcc4 h5 30. h4 1/2-1/2

[Event "Olomouc 2009 - GM B"]
[Site "?"]
[Date "2009.08.07"]
[Round "3.4"]
[White "Semcesen, Daniel"]
[Black "Erdogdu, Mert"]
[Result "0-1"]
[WhiteElo "2418"]
[BlackElo "2463"]
[PlyCount "82"]
[EventDate "2009.08.05"]

1. d4 Nf6 2. c4 g6 3. Nc3 Bg7 4. e4 d6 5. Nf3 O-O 6. h3 e5 7. d5 a5 8. Bg5 Na6
9. Nd2 c6 10. Be2 Bd7 11. O-O h6 12. Be3 Nc5 13. a3 cxd5 14. cxd5 a4 15. Rc1
Qa5 16. Qc2 b5 17. Qb1 Rfc8 18. Na2 Rc7 19. Rc3 Rac8 20. Rfc1 h5 21. Qc2 Kh7
22. Nb4 Bh6 23. Bxh6 Kxh6 24. h4 Kg7 25. g3 Qb6 26. Kg2 Nb3 27. Rxc7 Nxc1 28.
Rxc8 Nxe2 29. Nd3 Bxc8 30. Qxc8 Qd4 31. Qc2 Ng4 32. Kf3 Qxf2+ 33. Nxf2 Nd4+ 34.
Kg2 Ne3+ 35. Kg1 Ne2+ 36. Kh2 Nxc2 37. Kg2 Ned4 38. Nd1 f5 39. Kf2 Kf6 40. Nc3
Ke7 41. Kg2 Ne1+ 0-1

[Event "Olomouc 2009 - GM B"]
[Site "?"]
[Date "2009.08.07"]
[Round "3.5"]
[White "Arutinian, David"]
[Black "Kashlinskaya, Alina"]
[Result "1-0"]
[WhiteElo "2526"]
[BlackElo "2346"]
[PlyCount "85"]
[EventDate "2009.08.05"]

1. d4 Nf6 2. Nc3 d5 3. Bg5 c5 4. Bxf6 gxf6 5. e3 Nc6 6. Qh5 cxd4 7. exd4 e6 8.
Nf3 f5 9. Bb5 Bg7 10. O-O Bd7 11. Bxc6 Bxc6 12. Rfe1 O-O 13. Ne2 Qd6 14. Qh4 f6
15. Ng3 Be8 16. Re2 Bb5 17. Ree1 Be8 18. Nh5 Bxh5 19. Qxh5 Rae8 20. g3 Qc7 21.
Re2 Qf7 22. Qh3 Rc8 23. Rae1 Rc6 24. c4 Qd7 25. b3 b6 26. Nh4 Rd8 27. Qg2 Kf7
28. Qf3 Bf8 29. Re3 Bb4 30. R1e2 Bf8 31. Kg2 a5 32. h3 Bg7 33. Qh5+ Kg8 34.
Nxf5 dxc4 35. bxc4 Qb7 36. Kh2 Qf7 37. Qxf7+ Kxf7 38. d5 exd5 39. Re7+ Kg6 40.
Nxg7 dxc4 41. Ne6 Rd1 42. Nf8+ Kf5 43. Rxh7 1-0

[Event "Olomouc 2009 - GM B"]
[Site "?"]
[Date "2009.08.08"]
[Round "4.1"]
[White "Gavrilov, Alexei"]
[Black "Kashlinskaya, Alina"]
[Result "1-0"]
[WhiteElo "2480"]
[BlackElo "2346"]
[PlyCount "155"]
[EventDate "2009.08.05"]

1. d4 Nf6 2. c4 g6 3. Nc3 Bg7 4. e4 d6 5. Nf3 O-O 6. Be2 Na6 7. O-O e5 8. Re1
c6 9. Be3 Ng4 10. Bg5 f6 11. Bh4 Kh8 12. h3 Nh6 13. Qd2 g5 14. Bg3 f5 15. exf5
Nxf5 16. dxe5 Nxg3 17. fxg3 g4 18. hxg4 Qb6+ 19. Kh2 dxe5 20. Ng5 h6 21. Nge4
Be6 22. g5 Rad8 23. Qc1 Rd7 24. Rf1 Rxf1 25. Qxf1 Qd8 26. gxh6 Bxh6 27. Rd1
Rxd1 28. Bxd1 Qf8 29. Qe2 Bc1 30. Nf2 Qh6+ 31. Nh3 Be3 32. Ne4 Nc7 33. Bc2 b5
34. cxb5 Nxb5 35. Bd3 Nd4 36. Qf1 Kg7 37. Bc4 Bf5 38. Nc5 Qh5 39. b4 Bg4 40.
Ne4 Qg6 41. Qd3 Qh6 42. Qf1 Qg6 43. Nef2 Bf5 44. Qe1 Qh6 45. g4 Bc8 46. g5 Bf4+
47. Kg1 Qh4 48. Nxf4 Qxf4 49. Nd3 Qxg5 50. Qxe5+ Qxe5 51. Nxe5 Kf6 52. Nd3 Bf5
53. Ne1 Be4 54. Kf2 Ke5 55. Nd3+ Kf5 56. Nc5 Nc2 57. Bd3 Bxd3 58. Nxd3 Ke4 59.
Ke2 Nd4+ 60. Kd2 Nf5 61. Kc3 Ne3 62. Ne1 Kd5 63. Kd3 Ng4 64. Nc2 Ne5+ 65. Ke3
c5 66. bxc5 Kxc5 67. Ke4 Kd6 68. Ne3 Ke6 69. g4 Ng6 70. a4 Ne5 71. g5 Nd7 72.
Kd4 Nb6 73. a5 Nd7 74. Kc4 Nb8 75. Kc5 Kf7 76. Kd6 Kg6 77. Nd5 Kxg5 78. Nb4 1-0

[Event "Olomouc 2009 - GM B"]
[Site "?"]
[Date "2009.08.08"]
[Round "4.4"]
[White "Plat, Vojtech"]
[Black "Zakhartsov, Viacheslav V"]
[Result "0-1"]
[WhiteElo "2406"]
[BlackElo "2541"]
[PlyCount "118"]
[EventDate "2009.08.05"]

1. e4 c5 2. Nf3 d6 3. d4 cxd4 4. Nxd4 Nf6 5. Nc3 a6 6. Bg5 e6 7. f4 Be7 8. Qf3
Qc7 9. O-O-O Nbd7 10. g4 h6 11. Bh4 g5 12. fxg5 Ne5 13. Qg3 Nfxg4 14. gxh6 Bxh4
15. Qxh4 Qe7 16. Qg3 Qg5+ 17. Kb1 Qe3 18. Qg2 Qf2 19. Rd2 Qxg2 20. Bxg2 Rxh6
21. Nf3 Ke7 22. h3 Nxf3 23. Bxf3 Ne5 24. Be2 Bd7 25. Rhd1 Rxh3 26. Rxd6 Bc6 27.
R6d2 Re3 28. Bd3 Rd8 29. Kc1 Rd7 30. a3 Rd8 31. Be2 Rh8 32. Bd3 Rhh3 33. Kb1
Nf3 34. Re2 Rxe2 35. Bxe2 Ng5 36. Bd3 Kf6 37. Rf1+ Ke5 38. Kc1 Rf3 39. Re1 Rf4
40. b4 Bxe4 41. a4 f5 42. Kb2 Rg4 43. a5 Kd4 44. Ne2+ Ke5 45. Nc3 Kd4 46. Ne2+
Ke3 47. Nc3+ Kf2 48. Re2+ Kf3 49. Rd2 Bxd3 50. Rxd3+ Kg2 51. Rd2+ Kh3 52. Rd3+
Kh4 53. Kb3 f4 54. Rd7 f3 55. Nd1 Rg1 56. Nf2 Kg3 57. Nd3 Rd1 58. Rg7 Rxd3+ 59.
cxd3 f2 0-1

[Event "Olomouc 2009 - GM B"]
[Site "?"]
[Date "2009.08.08"]
[Round "4.5"]
[White "Biolek, Richard Jr"]
[Black "Kanovsky, David"]
[Result "1/2-1/2"]
[WhiteElo "2361"]
[BlackElo "2483"]
[PlyCount "85"]
[EventDate "2009.08.05"]

1. e4 c5 2. Nf3 Nc6 3. Bb5 g6 4. O-O Bg7 5. Re1 Nf6 6. e5 Nd5 7. Nc3 Nc7 8. a4
O-O 9. d3 Nd4 10. Bf4 Nce6 11. Bg3 Nf5 12. Bc4 Nxg3 13. Bxe6 fxe6 14. hxg3 b6
15. Ng5 Rf5 16. f4 Bb7 17. Nce4 Qc7 18. Qg4 Raf8 19. Kh2 Qc6 20. Rh1 Qd5 21.
Qe2 h6 22. Nf3 c4 23. Nc3 Rh5+ 24. Kg1 cxd3 25. cxd3 Qc5+ 26. d4 Bxf3 27. gxf3
Qxd4+ 28. Kg2 Rxh1 29. Rxh1 g5 30. Rd1 Qb4 31. fxg5 hxg5 32. Rxd7 Rf5 33. Qb5
Qxb5 34. axb5 Rxe5 35. Rxa7 Kf7 36. Rb7 Rc5 37. Ne4 Rc2+ 38. Kh3 Bd4 39. Nxg5+
Kf6 40. Ne4+ Kf7 41. Ng5+ Kf6 42. Ne4+ Kf7 43. Ng5+ 1/2-1/2

[Event "Olomouc 2009 - GM B"]
[Site "?"]
[Date "2009.08.09"]
[Round "5.1"]
[White "Kanovsky, David"]
[Black "Gavrilov, Alexei"]
[Result "1/2-1/2"]
[WhiteElo "2483"]
[BlackElo "2480"]
[PlyCount "99"]
[EventDate "2009.08.05"]

1. e4 e5 2. Nf3 Nc6 3. d4 exd4 4. Nxd4 Bc5 5. Be3 Qf6 6. c3 d6 7. Bc4 Ne5 8.
Be2 Qg6 9. Nb5 Qxg2 10. Rf1 Bh3 11. Nxc7+ Kd7 12. Nxa8 Nf3+ 13. Bxf3 Qxf1+ 14.
Kd2 Qxd1+ 15. Bxd1 Ne7 16. Ba4+ Nc6 17. Bxc5 dxc5 18. Na3 Rxa8 19. Rg1 g6 20.
Rg5 Re8 21. f3 f5 22. Rg3 Bf1 23. exf5 Re2+ 24. Kc1 Re1+ 25. Kc2 c4 26. fxg6
Bd3+ 27. Kd2 Re2+ 28. Kd1 hxg6 29. Rxg6 Rxb2 30. Bxc6+ bxc6 31. Rg4 Rxa2 32.
Nxc4 Ke6 33. Rd4 Be2+ 34. Kc1 Bxf3 35. Nd2 Bh5 36. Kb1 Ra5 37. Rd6+ Kxd6 38.
Nc4+ Kc5 39. Nxa5 Kb5 40. Nb3 a5 41. Kb2 a4 42. Nd2 Kc5 43. Ka3 Bd1 44. Nf1 Bh5
45. Ne3 Kb5 46. h4 Be2 47. Kb2 Kc5 48. Ka2 Bh5 49. Ka3 Kb5 50. Kb2 1/2-1/2

[Event "Olomouc 2009 - GM B"]
[Site "?"]
[Date "2009.08.09"]
[Round "5.2"]
[White "Zakhartsov, Viacheslav V"]
[Black "Biolek, Richard Jr"]
[Result "1/2-1/2"]
[WhiteElo "2541"]
[BlackElo "2361"]
[PlyCount "43"]
[EventDate "2009.08.05"]

1. d4 d5 2. c4 Nc6 3. Nf3 Bg4 4. Nc3 Bxf3 5. exf3 Nf6 6. Bg5 e6 7. cxd5 exd5 8.
Qe2+ Qe7 9. Bxf6 gxf6 10. O-O-O Qxe2 11. Bxe2 O-O-O 12. f4 h5 13. Bf3 Ne7 14.
h4 c6 15. Kc2 Kc7 16. Kd3 Nf5 17. Rc1 Kb8 18. Ne2 Bd6 19. Rcg1 Rdg8 20. a3 a6
21. g3 Bc7 22. Rd1 1/2-1/2

[Event "Olomouc 2009 - GM B"]
[Site "?"]
[Date "2009.08.09"]
[Round "5.3"]
[White "Semcesen, Daniel"]
[Black "Plat, Vojtech"]
[Result "1/2-1/2"]
[WhiteElo "2418"]
[BlackElo "2406"]
[PlyCount "60"]
[EventDate "2009.08.05"]

1. c4 c5 2. Nc3 Nc6 3. g3 g6 4. Bg2 Bg7 5. a3 d6 6. Rb1 Nf6 7. b4 cxb4 8. axb4
O-O 9. Nf3 a5 10. bxa5 Rxa5 11. d3 d5 12. cxd5 Nxd5 13. Nxd5 Rxd5 14. O-O Rh5
15. h4 Nd4 16. Nxd4 Bxd4 17. e3 Bf6 18. Bf3 Rc5 19. Bxb7 Bxb7 20. Rxb7 Qc8 21.
Rb4 Rd8 22. Bb2 Bxb2 23. Rxb2 Rcd5 24. d4 e5 25. Rd2 Qd7 26. Re1 Re8 27. Ree2
exd4 28. exd4 Rxe2 29. Qxe2 Rxd4 30. Rxd4 Qxd4 1/2-1/2

[Event "Olomouc 2009 - GM B"]
[Site "?"]
[Date "2009.08.09"]
[Round "5.4"]
[White "Arutinian, David"]
[Black "Vokac, Marek"]
[Result "1-0"]
[WhiteElo "2526"]
[BlackElo "2466"]
[PlyCount "111"]
[EventDate "2009.08.05"]

1. d4 Nf6 2. c4 g6 3. Nc3 Bg7 4. e4 d6 5. Nf3 O-O 6. Be2 e5 7. O-O Nc6 8. d5
Ne7 9. a4 c5 10. a5 Ne8 11. Qa4 Bd7 12. Qa3 Nc7 13. b4 b6 14. bxc5 bxc5 15. Nb5
Bg4 16. Rb1 Na6 17. Bd2 Kh8 18. Rfe1 Bc8 19. Rb3 Ng8 20. Rd1 Qe7 21. Qc1 Rb8
22. g3 Bd7 23. Nh4 Nc7 24. Qb1 Nxb5 25. cxb5 f5 26. f3 Bh6 27. Bxh6 Nxh6 28.
Rf1 f4 29. Ng2 Bh3 30. b6 axb6 31. Rxb6 Qc7 32. Qb5 fxg3 33. hxg3 Bd7 34. Qb2
Nf7 35. Rb1 Ra8 36. a6 c4 37. Qb4 c3 38. Rb7 Qc8 39. Rc1 c2 40. Ne3 Qd8 41.
Rxc2 Qg5 42. Kf2 Qh6 43. Rxd7 Ng5 44. Nf1 Qh1 45. Rc3 Nh3+ 46. Ke1 Ng1 47. Qxd6
Rfe8 48. Re7 Rxe7 49. Qxe7 Kg8 50. Rc7 Qh6 51. Qe6+ Kh8 52. Qxe5+ Kg8 53. f4 g5
54. Qxg5+ Qxg5 55. fxg5 Re8 56. a7 1-0

[Event "Olomouc 2009 - GM B"]
[Site "?"]
[Date "2009.08.09"]
[Round "5.5"]
[White "Kashlinskaya, Alina"]
[Black "Erdogdu, Mert"]
[Result "1-0"]
[WhiteElo "2346"]
[BlackElo "2463"]
[PlyCount "63"]
[EventDate "2009.08.05"]

1. d4 Nf6 2. c4 g6 3. Nf3 Bg7 4. g3 O-O 5. Bg2 d6 6. Nc3 Nc6 7. O-O a6 8. h3
Bd7 9. e4 e5 10. d5 Nd4 11. Nxd4 exd4 12. Qxd4 Qc8 13. h4 Ng4 14. Qd1 Ne5 15.
c5 dxc5 16. f4 Ng4 17. e5 Bf5 18. Ne4 b6 19. Nf2 Nxe5 20. fxe5 Bxe5 21. Bh6 Re8
22. Qf3 Bxb2 23. Rad1 Qd8 24. d6 Ra7 25. d7 Re7 26. Bg5 f6 27. Qb3+ Be6 28.
Qxb2 fxg5 29. Ne4 Bf5 30. Nf6+ Kh8 31. Ne8+ Kg8 32. Bd5+ 1-0

[Event "Olomouc 2009 - GM B"]
[Site "?"]
[Date "2009.08.10"]
[Round "6.1"]
[White "Gavrilov, Alexei"]
[Black "Erdogdu, Mert"]
[Result "1-0"]
[WhiteElo "2480"]
[BlackElo "2463"]
[PlyCount "94"]
[EventDate "2009.08.05"]

1. d4 Nf6 2. c4 g6 3. Nc3 Bg7 4. e4 d6 5. Nf3 O-O 6. Be2 e5 7. O-O Nc6 8. d5
Ne7 9. b4 a5 10. bxa5 Rxa5 11. a4 c5 12. Bd2 Ra6 13. Rb1 Nd7 14. Bd3 Kh8 15. g3
Ng8 16. Qc1 Nb6 17. Ra1 Bh3 18. Re1 Bg4 19. Nh4 f5 20. f4 exf4 21. Bxf4 Bd4+
22. Kg2 Qf6 23. Ra3 Nxa4 24. Nxa4 fxe4 25. Bxe4 Rfa8 26. Bc2 Bd7 27. Qd1 g5 28.
Qh5 Qh6 29. Qxh6 Nxh6 30. Bxg5 Nf7 31. Bf4 Bxa4 32. Rxa4 Rxa4 33. Bxa4 Rxa4 34.
Re7 Kg8 35. Nf5 h5 36. Kh3 Ne5 37. Nxd6 Ng4 38. Re2 b6 39. Kh4 Nf6 40. Kg5 Ra7
41. Nf5 Kf7 42. Re6 Bc3 43. Nd6+ Kg7 44. Nb5 Nh7+ 45. Kxh5 Ra2 46. Nxc3 Rxh2+
47. Kg4 Rc2 1-0

[Event "Olomouc 2009 - GM B"]
[Site "?"]
[Date "2009.08.10"]
[Round "6.2"]
[White "Vokac, Marek"]
[Black "Kashlinskaya, Alina"]
[Result "1-0"]
[WhiteElo "2466"]
[BlackElo "2346"]
[PlyCount "117"]
[EventDate "2009.08.05"]

1. c4 Nf6 2. Nf3 g6 3. b4 Bg7 4. Bb2 O-O 5. g3 d6 6. Bg2 e5 7. d3 Nbd7 8. O-O
c6 9. Nc3 d5 10. cxd5 cxd5 11. Qb3 d4 12. Nb5 Nb6 13. Nxe5 Qe8 14. Bxd4 Qxb5
15. a4 Qe8 16. a5 Be6 17. Qb2 Nbd5 18. Nc4 Qd8 19. Rac1 Nxb4 20. Bxf6 Nxd3 21.
exd3 Bxf6 22. Qxb7 Qxd3 23. Rfd1 Qf5 24. a6 Rac8 25. Ne3 Qa5 26. Qxa7 Rxc1 27.
Rxc1 Rd8 28. Bf1 Bd4 29. Qc7 Bb6 30. Qc3 Qxc3 31. Rxc3 Ba7 32. Kg2 Kf8 33. Kf3
Rc8 34. Rxc8+ Bxc8 35. Ke4 Ke7 36. Kd5 Bd7 37. Bd3 h5 38. h4 Bb6 39. Bf1 Ba7
40. Be2 Bb6 41. Ke4 Bc6+ 42. Kd3 Bb5+ 43. Kd2 Bc6 44. Bc4 f5 45. Bd3 Kf6 46. f4
Ba5+ 47. Ke2 Bb6 48. Nc4 Bd4 49. Na5 Bd5 50. Bc4 Be4 51. Bb5 Bb6 52. Nc4 Bc5
53. Ne5 Bg1 54. Bc6 Bc2 55. Be8 Be4 56. Bxg6 Bd4 57. Bxh5 Bxe5 58. fxe5+ Kxe5
59. Bf3 1-0

[Event "Olomouc 2009 - GM B"]
[Site "?"]
[Date "2009.08.10"]
[Round "6.3"]
[White "Plat, Vojtech"]
[Black "Arutinian, David"]
[Result "0-1"]
[WhiteElo "2406"]
[BlackElo "2526"]
[PlyCount "112"]
[EventDate "2009.08.05"]

1. e4 c5 2. Nf3 d6 3. d4 cxd4 4. Nxd4 Nf6 5. Nc3 Nc6 6. Be2 e5 7. Nb3 Be7 8.
Bg5 O-O 9. O-O Nxe4 10. Nxe4 Bxg5 11. Nxd6 Qe7 12. Bd3 g6 13. Nxc8 Raxc8 14.
Be4 f5 15. Bxc6 Rxc6 16. Qe2 Rd8 17. Rad1 Rcd6 18. c3 b6 19. Rxd6 Qxd6 20. Re1
Bf6 21. Na1 Qd2 22. Kf1 Qf4 23. g3 Qa4 24. a3 e4 25. Nc2 Rd3 26. Nb4 Rd6 27.
Qc4+ Kg7 28. Qc7+ Rd7 29. Qc6 Qxc6 30. Nxc6 a5 31. Nd4 Bxd4 32. Rd1 Kf6 33.
cxd4 Rc7 34. Rd2 Ke6 35. h4 Kd5 36. Ke2 h6 37. Ke3 g5 38. hxg5 hxg5 39. Re2 Rc4
40. Rd2 a4 41. f3 exf3 42. Kxf3 Rxd4 43. Rc2 Rd3+ 44. Kf2 Rb3 45. Kg2 Ke5 46.
Re2+ Kf6 47. Rc2 Kg6 48. Rf2 Rd3 49. Kh2 Rd5 50. Rc2 Rb5 51. g4 f4 52. Kg1 Rb3
53. Kf2 Kf6 54. Re2 b5 55. Rc2 Ke5 56. Rc5+ Ke4 0-1

[Event "Olomouc 2009 - GM B"]
[Site "?"]
[Date "2009.08.10"]
[Round "6.4"]
[White "Biolek, Richard Jr"]
[Black "Semcesen, Daniel"]
[Result "1-0"]
[WhiteElo "2361"]
[BlackElo "2418"]
[PlyCount "81"]
[EventDate "2009.08.05"]

1. e4 e5 2. Bc4 Nf6 3. d3 Nc6 4. Nf3 Be7 5. O-O O-O 6. Re1 d6 7. a4 h6 8. a5 a6
9. c3 Nh7 10. Qb3 Ng5 11. Nbd2 Rb8 12. d4 Bd7 13. h3 Bf6 14. Nxg5 Bxg5 15. Nf3
Bxc1 16. Rexc1 Qf6 17. dxe5 Nxe5 18. Nxe5 Qxe5 19. Re1 Be6 20. Re3 Rfe8 21. Bd5
Re7 22. Rd1 Qh5 23. Rd4 Bxd5 24. Rxd5 Re5 25. Qc4 Rc8 26. b4 Rxd5 27. exd5 Qd1+
28. Kh2 Qd2 29. Qg4 Rf8 30. Qf3 b6 31. Re7 bxa5 32. bxa5 Qa2 33. Rxc7 Qxa5 34.
Rc6 Rd8 35. Qd3 Qa2 36. Qd4 Qe2 37. c4 a5 38. Qb6 Rd7 39. Rc8+ Kh7 40. Qb1+ g6
41. Qa1 1-0

[Event "Olomouc 2009 - GM B"]
[Site "?"]
[Date "2009.08.11"]
[Round "7.1"]
[White "Zakhartsov, Viacheslav V"]
[Black "Gavrilov, Alexei"]
[Result "1/2-1/2"]
[WhiteElo "2541"]
[BlackElo "2480"]
[PlyCount "37"]
[EventDate "2009.08.05"]

1. d4 d5 2. c4 c6 3. Nf3 Nf6 4. Nc3 a6 5. e3 b5 6. b3 Bg4 7. Be2 e6 8. O-O Nbd7
9. h3 Bh5 10. Bb2 Bd6 11. Ne5 Bxe2 12. Nxe2 Rc8 13. Qd3 O-O 14. Rfd1 Qa5 15.
Nxd7 Nxd7 16. e4 bxc4 17. bxc4 dxe4 18. Qxe4 Ba3 19. Bxa3 1/2-1/2

[Event "Olomouc 2009 - GM B"]
[Site "?"]
[Date "2009.08.11"]
[Round "7.2"]
[White "Semcesen, Daniel"]
[Black "Kanovsky, David"]
[Result "1/2-1/2"]
[WhiteElo "2418"]
[BlackElo "2483"]
[PlyCount "70"]
[EventDate "2009.08.05"]

1. d4 Nf6 2. c4 g6 3. Nc3 Bg7 4. e4 d6 5. Nf3 O-O 6. h3 c5 7. d5 e6 8. Bd3 exd5
9. cxd5 a6 10. a4 Nbd7 11. O-O Nh5 12. Re1 Ne5 13. Be2 Nxf3+ 14. Bxf3 Qh4 15.
Bxh5 gxh5 16. Qd2 Be5 17. Qg5+ Qxg5 18. Bxg5 f6 19. Bd2 Bd7 20. a5 f5 21. f4
Bd4+ 22. Kh2 Rae8 23. exf5 Bxf5 24. Rxe8 Rxe8 25. Re1 Rxe1 26. Bxe1 Kf7 27. Kg3
Bxc3 28. Bxc3 Be4 29. b4 Bxd5 30. bxc5 dxc5 31. Kf2 h4 32. f5 Be4 33. f6 Ke6
34. g3 hxg3+ 35. Kxg3 Bg6 1/2-1/2